000
00268nam a2200109Ia 4500
008
190216s9999||||xx |||||||||||||| ||und||
100
_a
Piekthall
245
0
_a
Cultural Side Of Islam
260
_b
"Kitab Bhavan, New Delhi-2"
650
_a
Islamic History
942
_c
BK
999
_c
22215
_d
22215